[Event "Titled Tuesday intern op 02nd Apr Early"]
[Site "Chess.com INT"]
[Date "2024.04.02"]
[Round "4"]
[White "Donskov, Anatoly"]
[Black "To, Nhat Minh"]
[Result "0-1"]
[WhiteElo "2279"]
[BlackElo "2307"]
[PlyCount "80"]
[EventDate "2024.04.02"]
[EventType "swiss (blitz)"]
[EventRounds "11"]
[EventCountry "USA"]
[SourceTitle "CB15_2024"]
[SourceDate "2024.04.10"]
[SourceVersion "1"]
[SourceVersionDate "2024.04.10"]
[SourceQuality "1"]

1. e4 c6 2. d4 d5 3. e5 Bf5 4. c4 e6 5. Nc3 Ne7 6. a3 dxc4 7. Bxc4 Nd7 8. Nge2 Nd5 9. Ng3 Bg6 10. 0-0 Be7 11. f4 0-0 12. f5 exf5 13. Nxf5 N7b6 14. Bb3 Bg5 15. Nd6 Ne3 16. Bxe3 Bxe3+ 17. Kh1 Qh4 18. Qf3 Bxd4 19. Nxf7 Bxf7 20. Bxf7+ Kh8 21. Rae1 Qe7 22. Re4 Bxe5 23. Qh5 Nd7 24. Rf3 Nf6 25. Qxe5 Qxf7 26. Qf5 Rad8 27. Re1 Rd2 28. Rf2 Rdd8 29. Qg5 h6 30. Qh4 Qg6 31. Ref1 Rfe8 32. Rf3 Rd3 33. h3 Rxf3 34. Rxf3 Kh7 35. Rg3 Qf5 36. Qc4 Re1+ 37. Kh2 Qf2 38. Rf3 Qg1+ 39. Kg3 Re3 40. Qf4 Nh5+ 0-1

[Event "Titled Tuesday intern op 02nd Apr Early"]
[Site "Chess.com INT"]
[Date "2024.04.02"]
[Round "1"]
[White "To, Nhat Minh"]
[Black "George Samir, David"]
[Result "0-1"]
[WhiteElo "2307"]
[BlackElo "2142"]
[PlyCount "142"]
[EventDate "2024.04.02"]
[EventType "swiss (blitz)"]
[EventRounds "11"]
[EventCountry "USA"]
[SourceTitle "CB15_2024"]
[SourceDate "2024.04.10"]
[SourceVersion "1"]
[SourceVersionDate "2024.04.10"]
[SourceQuality "1"]

1. d4 Nf6 2. c4 e6 3. Nc3 Bb4 4. Bd2 0-0 5. e3 b6 6. Bd3 Bb7 7. Nf3 Bxc3 8. Bxc3 Ne4 9. Rc1 d6 10. Qc2 f5 11. Nd2 Nxc3 12. Qxc3 Nd7 13. 0-0 Qg5 14. g3 Nf6 15. Rce1 Ng4 16. f3 Nf6 17. Rf2 e5 18. dxe5 dxe5 19. Qxe5 Rae8 20. Qxf5 Qh6 21. Qf4 Qxf4 22. gxf4 Nh5 23. f5 Nf4 24. Be4 Nh3+ 25. Kg2 Nxf2 26. Kxf2 Bxe4 27. Nxe4 Rxf5 28. Rd1 Rxe4 29. Rd7 Rxc4 30. e4 Rf7 31. Rd8+ Rf8 32. Rd7 Rc2+ 33. Kg3 Rxb2 34. Rxc7 Rxa2 35. h4 Ra3 36. Kg4 Raxf3 37. h5 R3f4+ 38. Kg3 Rxe4 39. Rxa7 Re3+ 40. Kg4 b5 41. Rb7 Rb3 42. h6 gxh6 43. Kh4 Rf5 44. Rb8+ Kg7 45. Rb7+ Kg6 46. Rb6+ Rf6 47. Rb8 Kf5 48. Rc8 Kg6 49. Rg8+ Kf7 50. Rc8 Kg6 51. Rg8+ Kf5 52. Rc8 Re6 53. Rf8+ Ke5 54. Kg4 b4 55. Rb8 Rb1 56. Rb5+ Kd4 57. Kh5 b3 58. Rb4+ Kc3 59. Rh4 Re5+ 60. Kxh6 b2 61. Rh3+ Kb4 62. Kxh7 Rbe1 63. Rg3 b1Q+ 64. Rg6 Re7+ 65. Kh8 Re8+ 66. Kg7 R1e7+ 67. Kh6 Qh1+ 68. Kg5 Re5+ 69. Kf4 Qe4+ 70. Kg3 Qxg6+ 71. Kf2 Rf5# 0-1

[Event "VIE-ch"]
[Site "Hanoi"]
[Date "2024.03.13"]
[Round "4"]
[White "Nguyen, Nam Kiet"]
[Black "To, Nhat Minh"]
[Result "1-0"]
[WhiteElo "1997"]
[BlackElo "2331"]
[PlyCount "107"]
[EventDate "2024.03.11"]
[EventType "swiss"]
[EventRounds "9"]
[EventCountry "VIE"]
[SourceTitle "CB13_2024"]
[SourceDate "2024.03.27"]
[SourceVersion "1"]
[SourceVersionDate "2024.03.27"]
[SourceQuality "1"]

1. d4 Nf6 2. Nf3 g6 3. Nbd2 d5 4. c4 c5 5. cxd5 cxd4 6. Qa4+ Qd7 7. Qxd4 Qxd5 8. b3 Nc6 9. Qxd5 Nxd5 10. Bb2 f6 11. 0-0-0 Nb6 12. Rg1 h5 13. h3 h4 14. e3 Bf5 15. e4 Be6 16. Nd4 Nxd4 17. Bxd4 Bh6 18. Kb2 Bf4 19. Nf3 0-0-0 20. Be2 Bc7 21. Bc5 Rxd1 22. Rxd1 Rh7 23. Nd4 Bd7 24. Nb5 Bxb5 25. Bxb5 Rh5 26. Rc1 Kb8 27. a4 Rg5 28. Bf1 Bf4 29. Rc2 Nc8 30. f3 Nd6 31. Bf2 Rh5 32. b4 Rh8 33. b5 g5 34. a5 Rd8 35. Kb3 f5 36. b6 axb6 37. Bxb6 Rd7 38. a6 bxa6 39. Bxa6 fxe4 40. fxe4 Nb7 41. Be2 Nd6 42. Ka4 Nxe4 43. Bf3 Nd6 44. Bc6 Ra7+ 45. Bxa7+ Kxa7 46. Bd5 Ne8 47. Kb5 Nc7+ 48. Kc6 Nxd5 49. Kxd5 e5 50. Rb2 Ka6 51. Ke4 Ka5 52. Rb8 Ka6 53. Re8 Kb6 54. Rxe5 1-0

[Event "VIE-ch"]
[Site "Hanoi"]
[Date "2024.03.11"]
[Round "2"]
[White "Vo, Hoai Thuong"]
[Black "To, Nhat Minh"]
[Result "1/2-1/2"]
[WhiteElo "1996"]
[BlackElo "2331"]
[PlyCount "46"]
[EventDate "2024.03.11"]
[EventType "swiss"]
[EventRounds "9"]
[EventCountry "VIE"]
[SourceTitle "CB13_2024"]
[SourceDate "2024.03.27"]
[SourceVersion "1"]
[SourceVersionDate "2024.03.27"]
[SourceQuality "1"]

1. d4 Nf6 2. c4 e6 3. g3 d5 4. Bg2 Be7 5. Nf3 0-0 6. 0-0 dxc4 7. Qc2 a6 8. a4 Bd7 9. Qxc4 Bc6 10. Bg5 Nbd7 11. Nc3 h6 12. Bxf6 Nxf6 13. Rfd1 a5 14. Ne5 Bxg2 15. Kxg2 c6 16. e4 Qb6 17. Rd2 Rfd8 18. Rad1 Qa6 19. Qb3 Bb4 20. f3 Nd7 21. Nd3 Bf8 22. Ne5 Bb4 23. Nd3 Bf8 1/2-1/2

[Event "Budapest Vezerkepzo Fall IM"]
[Site "Budapest"]
[Date "2023.11.01"]
[Round "5"]
[White "Kushko, Dmitriy"]
[Black "To, Nhat Minh"]
[Result "1/2-1/2"]
[WhiteElo "2426"]
[BlackElo "2336"]
[PlyCount "109"]
[EventDate "2023.10.30"]
[EventType "tourn"]
[EventRounds "9"]
[EventCountry "HUN"]
[SourceTitle "Mega2024 Update 01"]
[Source "Chessbase"]
[SourceDate "2023.11.12"]
[SourceVersion "1"]
[SourceVersionDate "2023.11.12"]
[SourceQuality "1"]

1. Nf3 d5 2. g3 g6 3. Bg2 Bg7 4. d4 c6 5. 0-0 Nf6 6. b3 0-0 7. Bb2 a5 8. c4 Bf5 9. Nc3 Ne4 10. e3 Nd7 11. Qe2 Nxc3 12. Bxc3 Be4 13. Rfc1 e6 14. Bf1 Bxf3 15. Qxf3 a4 16. Rab1 axb3 17. axb3 Qb6 18. cxd5 cxd5 19. Qe2 Rfc8 20. Qb5 Qxb5 21. Bxb5 Nb6 22. Kf1 Bf8 23. Be1 Bd6 24. Rxc8+ Nxc8 25. Bc3 Kf8 26. Ra1 Rxa1+ 27. Bxa1 Na7 28. Bd3 Nc6 29. Ke2 Ke7 30. f3 Kd7 31. Bc3 Be7 32. g4 Bf6 33. Be1 Be7 34. h3 Bf8 35. Kf1 Be7 36. Kg2 Bd6 37. h4 Ke7 38. Kh3 Kf8 39. Bf2 Bc7 40. h5 Kg7 41. g5 gxh5 42. Kh4 h6 43. Kxh5 hxg5 44. Kxg5 f5 45. Bb5 Kf7 46. Kh6 Bd8 47. Kh7 Bf6 48. f4 Na5 49. Ba4 Be7 50. Be1 b6 51. Kh6 Ba3 52. Bd2 Nb7 53. Bb5 Na5 54. Ba4 Nb7 55. Bb5 1/2-1/2

[Event "HUN-chT 2324"]
[Site "Hungary"]
[Date "2023.10.29"]
[Round "2.4"]
[White "Balog, Imre1"]
[Black "To, Nhat Minh"]
[Result "1-0"]
[WhiteElo "2622"]
[BlackElo "2336"]
[PlyCount "75"]
[EventDate "2023.10.28"]
[EventType "team-tourn"]
[EventRounds "9"]
[EventCountry "HUN"]
[SourceTitle "Mega2024 Update 01"]
[Source "Chessbase"]
[SourceDate "2023.11.12"]
[SourceVersion "1"]
[SourceVersionDate "2023.11.12"]
[SourceQuality "1"]
[WhiteTeam "Ajka Sentimento"]
[BlackTeam "Kekes"]
[WhiteTeamCountry "HUN"]
[BlackTeamCountry "HUN"]

1. d4 d5 2. Nf3 Nf6 3. c4 dxc4 4. e3 e6 5. Bxc4 c5 6. Qe2 a6 7. 0-0 Nc6 8. Rd1 cxd4 9. exd4 Be7 10. Nc3 Nb4 11. Ne5 0-0 12. Bg5 Bd7 13. a3 Nbd5 14. Bxd5 Nxd5 15. Nxd5 exd5 16. Nxd7 Re8 17. Bxe7 Qxd7 18. Re1 Rac8 19. h3 Rc7 20. Qf3 Rxe7 21. Rxe7 Qxe7 22. Qxd5 g6 23. Qf3 Rc2 24. d5 Rxb2 25. Rc1 Rb6 26. Rd1 Rd6 27. Qc3 Rd8 28. Re1 Qd6 29. Re5 b5 30. h4 Rb8 31. h5 a5 32. h6 Qf8 33. d6 b4 34. axb4 axb4 35. Qb2 Qxh6 36. d7 Qf8 37. Qe2 Rd8 38. Qb5 1-0

[Event "HUN-chT 2324"]
[Site "Hungary"]
[Date "2023.10.28"]
[Round "1.4"]
[White "To, Nhat Minh"]
[Black "Acs, Marton"]
[Result "1-0"]
[WhiteElo "2336"]
[BlackElo "2166"]
[PlyCount "69"]
[EventDate "2023.10.28"]
[EventType "team-tourn"]
[EventRounds "9"]
[EventCountry "HUN"]
[SourceTitle "Mega2024 Update 01"]
[Source "Chessbase"]
[SourceDate "2023.11.12"]
[SourceVersion "1"]
[SourceVersionDate "2023.11.12"]
[SourceQuality "1"]
[WhiteTeam "Kekes"]
[BlackTeam "Tapolca Varos"]
[WhiteTeamCountry "HUN"]
[BlackTeamCountry "HUN"]

1. e4 e5 2. Nf3 Nc6 3. Bb5 a6 4. Ba4 Nf6 5. d3 d6 6. c3 g6 7. 0-0 Bg7 8. Re1 0-0 9. h3 Re8 10. Nbd2 b5 11. Bc2 Bb7 12. Nf1 Nb8 13. Ng3 c5 14. d4 Nbd7 15. d5 c4 16. Be3 Nc5 17. b4 cxb3 18. axb3 Qc7 19. Nd2 Rec8 20. Rf1 Ncd7 21. Ne2 Nb6 22. Bd3 Nfd7 23. b4 Na4 24. Ra3 Ndb6 25. Qa1 Qd7 26. Rc1 Rc7 27. Ra2 Rac8 28. Rac2 Bf8 29. c4 Ba8 30. Qa3 Qe7 31. Nc3 bxc4 32. Nxa4 Nxa4 33. Rxc4 Rxc4 34. Nxc4 Qd7 35. Ra1 1-0

[Event "Budapest SixDays 09 IM-B"]
[Site "Budapest"]
[Date "2023.09.19"]
[Round "2"]
[White "Besou, Hussain"]
[Black "To, Nhat Minh"]
[Result "0-1"]
[WhiteElo "2353"]
[BlackElo "2338"]
[PlyCount "96"]
[EventDate "2023.09.18"]
[EventType "tourn"]
[EventRounds "9"]
[EventCountry "HUN"]
[SourceTitle "EXT 2024"]
[Source "ChessBase"]
[SourceDate "2023.10.10"]
[SourceVersion "1"]
[SourceVersionDate "2023.10.10"]
[SourceQuality "1"]

1. d4 Nf6 2. c4 e6 3. Nc3 Bb4 4. e3 0-0 5. Bd3 d5 6. a3 Bxc3+ 7. bxc3 dxc4 8. Bxc4 c5 9. Ne2 Qc7 10. Bd3 Nc6 11. f4 b6 12. 0-0 Rd8 13. Bb2 Bb7 14. e4 Na5 15. Ng3 Qc6 16. Qe2 cxd4 17. cxd4 Nb3 18. Bb5 Qc7 19. Rad1 Rac8 20. Rf3 a6 21. Ba4 Na5 22. Bc3 Qc4 23. Qxc4 Rxc4 24. Bc2 Rdc8 25. Bxa5 Rxc2 26. Bxb6 Nxe4 27. Nxe4 Bxe4 28. Rg3 Rb8 29. Rb1 Rc6 30. Re1 Rbxb6 31. Rxe4 Rc2 32. h3 g6 33. Kh2 Rd2 34. h4 h5 35. Rc3 Rbb2 36. Rg3 Kg7 37. Rg5 Kf6 38. Rg3 Ra2 39. Kh3 Ra1 40. Rge3 Rf1 41. Rf3 Rg1 42. Rc3 Rgxg2 43. Rc7 Rh2+ 44. Kg3 Rdg2+ 45. Kf3 Ra2 46. Kg3 Rhc2 47. Rxc2 Rxc2 48. Re3 Rd2 0-1

[Event "Titled Tuesday intern op 22nd Aug Early"]
[Site "Chess.com INT"]
[Date "2023.08.22"]
[Round "9"]
[White "Skliarov, Viktor"]
[Black "To, Nhat Minh"]
[Result "1-0"]
[WhiteElo "2383"]
[BlackElo "2342"]
[PlyCount "47"]
[EventDate "2023.08.22"]
[EventType "swiss (blitz)"]
[EventRounds "11"]
[EventCountry "USA"]
[SourceTitle "EXT 2024"]
[Source "ChessBase"]
[SourceDate "2023.10.10"]
[SourceVersion "1"]
[SourceVersionDate "2023.10.10"]
[SourceQuality "1"]

1. e4 c5 2. Nf3 d6 3. d4 cxd4 4. Qxd4 Nf6 5. Nc3 Nc6 6. Bb5 Bd7 7. Bxc6 Bxc6 8. Bg5 e6 9. 0-0-0 Be7 10. Rhe1 0-0 11. Kb1 Qa5 12. Qd2 Rfd8 13. Nd4 h6 14. Bh4 Rac8 15. f3 b5 16. Nxc6 Rxc6 17. Nd5 Qxd2 18. Nxe7+ Kf8 19. Rxd2 Kxe7 20. Red1 g5 21. Bf2 Rd7 22. h4 e5 23. Be3 Nh7 24. Rh1 1-0

[Event "Titled Tuesday intern op 22nd Aug Early"]
[Site "Chess.com INT"]
[Date "2023.08.22"]
[Round "6"]
[White "Tari, Aryan"]
[Black "To, Nhat Minh"]
[Result "1-0"]
[WhiteElo "2629"]
[BlackElo "2342"]
[PlyCount "77"]
[EventDate "2023.08.22"]
[EventType "swiss (blitz)"]
[EventRounds "11"]
[EventCountry "USA"]
[SourceTitle "EXT 2024"]
[Source "ChessBase"]
[SourceDate "2023.10.10"]
[SourceVersion "1"]
[SourceVersionDate "2023.10.10"]
[SourceQuality "1"]

1. d4 Nf6 2. Bf4 d5 3. e3 c5 4. dxc5 e6 5. b4 a5 6. c3 axb4 7. cxb4 b6 8. a4 bxc5 9. b5 c4 10. Qd2 Ne4 11. Qb2 Qa5+ 12. Ke2 Be7 13. f3 Bf6 14. Be5 c3 15. Qc2 Bxe5 16. fxe4 dxe4 17. Nd2 f5 18. Nc4 Qc7 19. Kf2 Nd7 20. Rc1 Bf6 21. a5 Bb7 22. Nh3 Bd5 23. Qa4 0-0 24. Nf4 Nc5 25. Qb4 Rfb8 26. Nb6 Rxb6 27. axb6 Qxb6 28. Be2 e5 29. Nxd5 Qd6 30. Nxf6+ gxf6 31. Qxc3 Ra2 32. Qc4+ Qe6 33. Qxe6+ Nxe6 34. Rhd1 Rb2 35. Rb1 f4 36. Rxb2 fxe3+ 37. Kxe3 f5 38. b6 Nd4 39. Rxd4 1-0

[Event "Titled Tuesday intern op 22nd Aug Early"]
[Site "Chess.com INT"]
[Date "2023.08.22"]
[Round "7"]
[White "To, Nhat Minh"]
[Black "Eggleston, Thomas"]
[Result "1-0"]
[WhiteElo "2342"]
[BlackElo "2215"]
[PlyCount "55"]
[EventDate "2023.08.22"]
[EventType "swiss (blitz)"]
[EventRounds "11"]
[EventCountry "USA"]
[SourceTitle "EXT 2024"]
[Source "ChessBase"]
[SourceDate "2023.10.10"]
[SourceVersion "1"]
[SourceVersionDate "2023.10.10"]
[SourceQuality "1"]

1. e4 e5 2. Nf3 Nf6 3. d4 exd4 4. e5 Ne4 5. Qxd4 d5 6. exd6 Nxd6 7. Nc3 Nc6 8. Qf4 Be7 9. Be3 Be6 10. 0-0-0 0-0 11. Bd3 a5 12. h4 Nb4 13. Be2 Bf6 14. Nd4 Nxa2+ 15. Nxa2 Bxa2 16. Nb5 a4 17. Nxd6 cxd6 18. Rxd6 Qe7 19. Qb4 Rfc8 20. Rhd1 h6 21. Bf3 Bb3 22. R1d2 Qe5 23. c3 Be6 24. Bd4 Qe1+ 25. Rd1 a3 26. Rxe1 a2 27. Kd2 Be7 28. Ra1 1-0

[Event "Titled Tuesday intern op 01st Aug Early"]
[Site "Chess.com INT"]
[Date "2023.08.01"]
[Round "8"]
[White "Kotyk, Michael"]
[Black "To, Nhat Minh"]
[Result "0-1"]
[WhiteElo "2167"]
[BlackElo "2342"]
[PlyCount "168"]
[EventDate "2023.08.01"]
[EventType "swiss (blitz)"]
[EventRounds "11"]
[EventCountry "USA"]
[SourceTitle "EXT 2024"]
[Source "ChessBase"]
[SourceDate "2023.10.10"]
[SourceVersion "1"]
[SourceVersionDate "2023.10.10"]
[SourceQuality "1"]

1. e4 c6 2. Nc3 d5 3. d4 dxe4 4. Nxe4 Nd7 5. Qe2 e6 6. Nf3 Ngf6 7. c3 Be7 8. g3 b6 9. Bg2 Bb7 10. 0-0 0-0 11. Nxf6+ Nxf6 12. Ne5 Qc7 13. Bf4 Bd6 14. Rad1 Rfd8 15. Rfe1 c5 16. dxc5 bxc5 17. Bxb7 Qxb7 18. Nd3 Bxf4 19. Nxf4 h6 20. b3 a5 21. Qc4 Qc6 22. Nd3 Rac8 23. Ne5 Rxd1 24. Rxd1 Qe4 25. Qxe4 Nxe4 26. Rd7 Nxc3 27. Rxf7 Nxa2 28. Ra7 Nc1 29. Rb7 Rd8 30. Nc4 Rd1+ 31. Kg2 Nd3 32. Kf3 Rb1 33. Ke3 Nb4 34. Nxa5 Rb2 35. Rb5 Nc2+ 36. Ke4 Na3 37. Rxc5 Rxf2 38. h4 Kf7 39. Nc6 Kf6 40. b4 Rb2 41. Kf4 Nc2 42. b5 Na3 43. Nd4 Rb4 44. Ke3 Nc4+ 45. Kd3 Nb6 46. Rc6 Nd5 47. Rxe6+ Kf7 48. Rd6 Ne7 49. Rd7 Ke8 50. Rb7 Rb1 51. Ke4 Re1+ 52. Kf4 Nd5+ 53. Kg4 Re4+ 54. Kh5 Rxd4 55. Rxg7 Kf8 56. Rg6 Kf7 57. Rxh6 Nf6+ 58. Kg5 Rd5+ 59. Kf4 Rxb5 60. Rh8 Kg7 61. Ra8 Rb4+ 62. Kf3 Rb3+ 63. Kf4 Rb4+ 64. Kf3 Nd5 65. Kg2 Ne3+ 66. Kh3 Nf5 67. Ra5 Kf6 68. g4 Rb3+ 69. Kg2 Nxh4+ 70. Kf2 Kg6 71. Rh5 Nf3 72. Kg3 Ng5+ 73. Kg2 Ne6 74. Re5 Nf4+ 75. Kh2 Nd3 76. Rd5 Nf2 77. g5 Ng4+ 78. Kg1 Ne3 79. Kh2 Nxd5 80. Kg2 Kxg5 81. Kf2 Kf4 82. Ke2 Re3+ 83. Kd2 Ke4 84. Kc2 Kd4 0-1

[Event "Titled Tuesday intern op 01st Aug Early"]
[Site "Chess.com INT"]
[Date "2023.08.01"]
[Round "9"]
[White "To, Nhat Minh"]
[Black "Vivas Zamora, Fabian Ernesto"]
[Result "1-0"]
[WhiteElo "2342"]
[BlackElo "2346"]
[PlyCount "67"]
[EventDate "2023.08.01"]
[EventType "swiss (blitz)"]
[EventRounds "11"]
[EventCountry "USA"]
[SourceTitle "EXT 2024"]
[Source "ChessBase"]
[SourceDate "2023.10.10"]
[SourceVersion "1"]
[SourceVersionDate "2023.10.10"]
[SourceQuality "1"]

1. e4 c5 2. d3 Nc6 3. g3 d5 4. Nc3 Nf6 5. Bg2 dxe4 6. Nxe4 Nxe4 7. Bxe4 g6 8. Ne2 Bg7 9. 0-0 h5 10. h4 Bg4 11. c3 Qd7 12. Be3 b6 13. Qa4 Rc8 14. Nf4 0-0 15. Rfe1 Ne5 16. Qxd7 Bxd7 17. Nd5 Rfe8 18. Bg5 f6 19. Bf4 f5 20. Bxe5 Bxe5 21. Bxf5 Bxf5 22. Rxe5 Kf7 23. Rae1 e6 24. Nf4 Rcd8 25. R5e3 e5 26. Rxe5 Rxe5 27. Rxe5 Bxd3 28. a4 Bc2 29. a5 Rd1+ 30. Kg2 Ba4 31. Re6 Bc2 32. axb6 axb6 33. Kf3 b5 34. Rb6 1-0

[Event "Titled Tuesday intern op 01st Aug Early"]
[Site "Chess.com INT"]
[Date "2023.08.01"]
[Round "11"]
[White "Tsyhanchuk, Stanislav"]
[Black "To, Nhat Minh"]
[Result "0-1"]
[WhiteElo "2273"]
[BlackElo "2342"]
[PlyCount "134"]
[EventDate "2023.08.01"]
[EventType "swiss (blitz)"]
[EventRounds "11"]
[EventCountry "USA"]
[SourceTitle "EXT 2024"]
[Source "ChessBase"]
[SourceDate "2023.10.10"]
[SourceVersion "1"]
[SourceVersionDate "2023.10.10"]
[SourceQuality "1"]

1. c4 b6 2. Nc3 Bb7 3. d4 e6 4. e4 Bb4 5. Bd3 Nc6 6. Nge2 e5 7. d5 Nd4 8. 0-0 Bxc3 9. bxc3 Nxe2+ 10. Qxe2 d6 11. f4 Qe7 12. fxe5 dxe5 13. a4 c5 14. a5 h6 15. Qc2 Nf6 16. axb6 a6 17. Qf2 0-0 18. Bxh6 Ng4 19. Qe2 Nxh6 20. Rf3 f6 21. Rg3 f5 22. Qh5 f4 23. Rg6 Kh7 24. Re6 Qf7 25. Qxe5 Rae8 26. Rxe8 Rxe8 27. Qg5 Kg8 28. e5 Qe7 29. Qxe7 Rxe7 30. e6 Ng4 31. Bg6 Ne5 32. Be4 Nxc4 33. d6 Nxd6 34. Bxb7 Nxb7 35. Rxa6 Rxe6 36. Kf2 Kf7 37. Kf3 g5 38. Kg4 Kf6 39. h4 gxh4 40. Kxf4 Nd8 41. Ra8 Rd6 42. Rb8 Nc6 43. Rc8 Na5 44. Rxc5 Nb7 45. Rb5 Rc6 46. Rb3 Rc4+ 47. Ke3 Ke5 48. Kd3 Rc6 49. Rb5+ Kf4 50. c4 Kg3 51. Rg5+ Kf2 52. Rb5 Kxg2 53. Kd4 h3 54. Kd5 Rd6+ 55. Ke5 h2 56. Rb2+ Kg3 57. Rxh2 Kxh2 58. c5 Rc6 59. Kd4 Rxc5 60. Kd3 Kg3 61. Kd4 Kf4 62. Kd3 Ke5 63. Ke3 Kd6 64. Kd3 Kc6 65. Ke3 Kxb6 66. Kd3 Kc6 67. Ke3 Kd6 0-1

[Event "Titled Tuesday intern op 25th Jul Early"]
[Site "Chess.com INT"]
[Date "2023.07.25"]
[Round "6"]
[White "Eggleston, Thomas"]
[Black "To, Nhat Minh"]
[Result "1-0"]
[WhiteElo "2215"]
[BlackElo "2348"]
[PlyCount "69"]
[EventDate "2023.07.25"]
[EventType "swiss (blitz)"]
[EventRounds "11"]
[EventCountry "USA"]
[SourceTitle "EXT 2024"]
[Source "ChessBase"]
[SourceDate "2023.10.10"]
[SourceVersion "1"]
[SourceVersionDate "2023.10.10"]
[SourceQuality "1"]

1. e4 c5 2. Nf3 d6 3. Bc4 Nf6 4. d3 Nc6 5. c3 e6 6. 0-0 a6 7. Bb3 Be7 8. Re1 0-0 9. d4 cxd4 10. cxd4 e5 11. h3 Nd7 12. Nc3 exd4 13. Nxd4 Nc5 14. Nxc6 bxc6 15. Bc2 Bf6 16. Be3 Rb8 17. Bxc5 dxc5 18. e5 Be7 19. Qe2 g6 20. Bb3 Rb4 21. Rad1 Rd4 22. Rxd4 cxd4 23. Ne4 Qc7 24. f4 Kg7 25. Kh1 f5 26. Nd2 Bb4 27. Rd1 Rd8 28. e6 Be7 29. Nc4 Qxf4 30. Rxd4 Qxd4 31. Ne5 Qd6 32. Nf7 Qd2 33. Qe5+ Bf6 34. Qc7 Qc1+ 35. Kh2 1-0

[Event "Titled Tuesday intern op 25th Jul Late"]
[Site "Chess.com INT"]
[Date "2023.07.25"]
[Round "1"]
[White "Graham, Nathaniel"]
[Black "To, Nhat Minh"]
[Result "0-1"]
[WhiteElo "2262"]
[BlackElo "2348"]
[PlyCount "102"]
[EventDate "2023.07.25"]
[EventType "swiss (blitz)"]
[EventRounds "11"]
[EventCountry "USA"]
[SourceTitle "EXT 2024"]
[Source "ChessBase"]
[SourceDate "2023.10.10"]
[SourceVersion "1"]
[SourceVersionDate "2023.10.10"]
[SourceQuality "1"]

1. e4 c5 2. Nf3 d6 3. d4 cxd4 4. Qxd4 Nf6 5. Nc3 Nc6 6. Bb5 Bd7 7. Bxc6 Bxc6 8. Bg5 e6 9. 0-0-0 Be7 10. Rhe1 0-0 11. Kb1 Qa5 12. Qd2 Rfd8 13. Nd5 Qxd2 14. Nxe7+ Kf8 15. Rxd2 Kxe7 16. Nd4 h6 17. Bxf6+ gxf6 18. c4 a6 19. f3 Bd7 20. b3 b5 21. cxb5 axb5 22. Nc2 Bc6 23. Nb4 Bb7 24. Rc1 Rac8 25. Rdc2 Rxc2 26. Rxc2 Kd7 27. Kb2 h5 28. Kc3 h4 29. Kd4 Rg8 30. Ke3 Rg5 31. h3 f5 32. exf5 Rxf5 33. Rd2 Rc5 34. Nd3 Rf5 35. Rc2 Rg5 36. Rd2 Kc7 37. Rc2+ Kb6 38. Nb4 d5 39. Nd3 e5 40. Nc5 d4+ 41. Kf2 Bc6 42. b4 Rg8 43. Re2 f6 44. Rc2 Rd8 45. Ne6 Rd6 46. Nc5 Bd5 47. Rd2 Bc4 48. f4 Kc6 49. Ne4 Re6 50. f5 Re7 51. Nxf6 Rf7 0-1

[Event "Budapest Vezerkepzo Summer IM"]
[Site "Budapest"]
[Date "2023.07.14"]
[Round "4"]
[White "To, Nhat Minh"]
[Black "Levitan, Caleb Levi"]
[Result "1-0"]
[WhiteElo "2348"]
[BlackElo "2129"]
[PlyCount "77"]
[EventDate "2023.07.11"]
[EventType "tourn"]
[EventRounds "9"]
[EventCountry "HUN"]
[SourceTitle "CBM 215 Extra"]
[Source "ChessBase"]
[SourceDate "2023.09.30"]
[SourceVersion "1"]
[SourceVersionDate "2023.09.30"]
[SourceQuality "1"]

1. Nf3 Nf6 2. g3 d5 3. Bg2 Bf5 4. 0-0 e6 5. c4 c6 6. Qb3 Qc8 7. d3 h6 8. Nc3 Be7 9. cxd5 exd5 10. e4 dxe4 11. dxe4 Be6 12. Qc2 0-0 13. Nd4 Bh3 14. e5 Bxg2 15. Nf5 Bd8 16. Kxg2 Ne8 17. Be3 Na6 18. f4 Qe6 19. Rad1 Bb6 20. Bxb6 axb6 21. Nd4 Qe7 22. Qb3 Qb4 23. Qxb4 Nxb4 24. a3 Na6 25. Na4 b5 26. Nb6 Rd8 27. Nxc6 Rxd1 28. Ne7+ Kh7 29. Rxd1 Nec7 30. Rd7 Rb8 31. Nec8 Kg8 32. a4 g6 33. g4 Ne6 34. Kg3 g5 35. f5 Nf4 36. Kf3 h5 37. gxh5 Nxh5 38. Kg4 Nf4 39. Kxg5 1-0

[Event "Budapest Vezerkepzo Summer IM"]
[Site "Budapest"]
[Date "2023.07.12"]
[Round "2"]
[White "To, Nhat Minh"]
[Black "Alok, Sinha"]
[Result "1/2-1/2"]
[WhiteElo "2348"]
[BlackElo "2256"]
[PlyCount "62"]
[EventDate "2023.07.11"]
[EventType "tourn"]
[EventRounds "9"]
[EventCountry "HUN"]
[SourceTitle "CBM 215 Extra"]
[Source "ChessBase"]
[SourceDate "2023.09.30"]
[SourceVersion "1"]
[SourceVersionDate "2023.09.30"]
[SourceQuality "1"]

1. Nf3 d5 2. g3 Nf6 3. Bg2 Bf5 4. 0-0 e6 5. d3 Be7 6. Nh4 Bg4 7. h3 Bh5 8. f4 Nfd7 9. Nf3 f6 10. e4 0-0 11. Nc3 Nb6 12. Qe1 c5 13. f5 dxe4 14. Qxe4 exf5 15. Qxf5 Bg6 16. Qe6+ Bf7 17. Qg4 Nc6 18. Bh6 Bg6 19. Bd2 f5 20. Qf4 Bd6 21. Qh4 Qxh4 22. gxh4 c4 23. Nb5 Bg3 24. d4 a6 25. Na3 Rad8 26. c3 f4 27. Ng5 Rd6 28. Ne4 Bxe4 29. Bxe4 Re6 30. Bf3 Bxh4 31. b3 Rg6+ 1/2-1/2

[Event "Budapest FS07 IM"]
[Site "Budapest"]
[Date "2023.07.07"]
[Round "6"]
[White "To, Nhat Minh"]
[Black "Alok, Sinha"]
[Result "1/2-1/2"]
[WhiteElo "2348"]
[BlackElo "2256"]
[PlyCount "102"]
[EventDate "2023.07.01"]
[EventType "swiss"]
[EventRounds "9"]
[EventCountry "HUN"]
[SourceTitle "EXT 2024"]
[Source "ChessBase"]
[SourceDate "2023.10.10"]
[SourceVersion "1"]
[SourceVersionDate "2023.10.10"]
[SourceQuality "1"]

1. c4 e5 2. Nc3 Nc6 3. Nf3 Bc5 4. e3 d6 5. a3 a6 6. d4 Ba7 7. dxe5 Nxe5 8. Nxe5 dxe5 9. Qxd8+ Kxd8 10. b4 Ne7 11. Bb2 f6 12. g3 Bg4 13. Bg2 c6 14. c5 Kc7 15. f4 exf4 16. gxf4 Nf5 17. Kf2 Rad8 18. Ne4 Rhe8 19. Bc1 Re7 20. Rg1 Rde8 21. Ra2 Kc8 22. Rc2 Bb8 23. a4 Nxe3 24. Bxe3 Bf5 25. Nxf6 gxf6 26. Rc3 Bc7 27. Bf3 Rd8 28. h4 Rd3 29. Rg8+ Rd8 30. Rg1 Rd3 31. Rxd3 Bxd3 32. Rg8+ Kd7 33. h5 Ke6 34. Rf8 Rf7 35. Rh8 Re7 36. h6 Bg6 37. Bd1 Kf5 38. Bc2+ Kg4 39. Rg8 Bxf4 40. Bxf4 Kxf4 41. Bxg6 hxg6 42. Rxg6 Rh7 43. Rxf6+ Kg5 44. Rd6 Rxh6 45. Rd7 Kf4 46. Ke2 Ke4 47. Kd2 a5 48. b5 cxb5 49. axb5 Rh5 50. c6 bxc6 51. bxc6 Rc5 1/2-1/2